UM Logo

STS (Student Traking System)/ (Record no. 14893)

MARC details
000 -LEADER
fixed length control field 00612nam a22001697a 4500
008 - FIXED-LENGTH DATA ELEMENTS--GENERAL INFORMATION
fixed length control field 200130b ||||| |||| 00| 0 eng d
082 ## - DEWEY DECIMAL CLASSIFICATION NUMBER
Edition number 2014
Classification number UT 1430
Item number So69
100 ## - MAIN ENTRY--PERSONAL NAME
Personal name Soronio, Irish Mae C.
9 (RLIN) 41366
245 ## - TITLE STATEMENT
Title STS (Student Traking System)/
Statement of responsibility, etc. Irish Mae C. Soronio, Esyl Nie C. Solosod & Cindy B. Nero
260 ## - PUBLICATION, DISTRIBUTION, ETC. (IMPRINT)
Place of publication, distribution, etc. Digos City
Name of publisher, distributor, etc. UMDC
Date of publication, distribution, etc. March 2014
300 ## - PHYSICAL DESCRIPTION
Extent 46 pages
Other physical details 30cm
650 ## - SUBJECT ADDED ENTRY--TOPICAL TERM
Topical term or geographic name as entry element Technical Education
Form subdivision Information Technology
General subdivision UNdergraduate Thesis
9 (RLIN) 41335
700 ## - ADDED ENTRY--PERSONAL NAME
Personal name Soronio, Irish Mae C.
9 (RLIN) 41367
700 ## - ADDED ENTRY--PERSONAL NAME
Personal name Solosod,Esyl Nie C.
9 (RLIN) 41368
700 ## - ADDED ENTRY--PERSONAL NAME
Personal name Nero,Cindy B.
9 (RLIN) 41369
942 ## - ADDED ENTRY ELEMENTS (KOHA)
Source of classification or shelving scheme Dewey Decimal Classification
Koha item type Undergraduate Thesis
Holdings
Withdrawn status Lost status Source of classification or shelving scheme Damaged status Not for loan Collection code Home library Current library Date acquired Total Checkouts Full call number Barcode Date last seen Price effective from Koha item type
    Dewey Decimal Classification     Undergraduate Theses UM Digos College - LIC UM Digos College - LIC 01/22/2020   UT 1430 So69 2014 UT 1430 01/30/2020 01/29/2020 Undergraduate Thesis